Park and recreation structures, part 1 : Administration and basic service facilities.

Bibliographic Details
Corporate Author: United States. National Park Service
Format: Government Document eBook
Language:English
Published: [Washington] : [s.n.], 1938.
Subjects:
Online Access:Electronic resource (PDF)

MARC

Tag First Indicator Second Indicator Subfields
LEADER 00000cam a22000001i 4500
001 in00003986830
006 m d f
007 cr bn mmmapmmp
008 381025s1938 dcu o f000 0 eng d
005 20250210235113.8
035 |a ebd19331134856 
040 |a UMI  |c UMI  |e rda  |d UtOrBLW 
086 0 |a I 29.2:P 21/2/pt.1 
099 |a I29.2..P21_2_pt.1 
110 1 |a United States.  |b National Park Service.  |0 http://id.loc.gov/authorities/names/n79022809 
245 1 0 |a Park and recreation structures, part 1 :  |b Administration and basic service facilities. 
264 1 |a [Washington] :  |b [s.n.],  |c 1938. 
300 |a 1 online resource (210 pages), digital, PDF file 
336 |a text  |b txt  |2 rdacontent 
337 |a computer  |b c  |2 rdamedia 
338 |a online resource  |b cr  |2 rdacarrier 
500 |a Part 1 covers administration and basic service facilities; entrances and checking stations; barriers, walls, and fences; signs; administration buildings; superintendents' and staffs' quarters; equipment and maintenance buildings; drinking fountains and water supply; comfort stations and privies; incinerators; fire lookout strictures; trail steps; crossings and culverts; and bridges. 
533 |a Electronic reproduction.  |b [Bethesda, Md.] :  |c ProQuest,  |d 2017  |e digital, PDF file.  |n ProQuest U.S. Executive Branch Documents  |n Mode of access: World Wide Web via ProQuest website. 
588 |a Record is based on online resource; title from PDF title page (ProQuest, last viewed Feb. 2017). Reuse except for individual research requires license from ProQuest, LLC. 
650 0 |a National parks and reserves.  |0 http://id.loc.gov/authorities/subjects/sh85090045 
650 0 |a Recreation areas.  |0 http://id.loc.gov/authorities/subjects/sh85111955 
650 0 |a Buildings.  |0 http://id.loc.gov/authorities/subjects/sh85017769 
856 4 0 |u http://proxy.library.tamu.edu/login?url=http://congressional.proquest.com/congressional/docview/t66.d71.i29.2..p21_2_pt.1?  |y Electronic resource (PDF)  |t 0 
999 f f |s e5b6744c-7202-30c6-a9ab-2b716c93b08a  |i 664d7d8b-e0f2-3719-a7ae-bd007a07077a  |t 0 
952 f f |a Texas A&M University  |b College Station  |c Electronic Resources  |d Available Online  |t 0  |h No information provided 
998 f f |t 0  |l Available Online